Transatlantic, transcultural, and transnational dialogues on identity, culture, and migration /

Transatlantic, Transcultural, and Transnational Dialogues on Identity, Culture, and Migration analyzes the diasporic experiences of migratory and postcolonial subjects through the lenses of cultural studies, critical race theory, narrative theory and border studies. These narratives cover the United...

Full description

Bibliographic Details
Other Authors: Celaya, Lori (Editor), Watson, Sonja Stephenson (Editor)
Format: Book
Language:English
Published: Lanham, Maryland : Lexington Books, [2021].
Series:Black diasporic worlds.
Subjects:

MARC

Tag First Indicator Second Indicator Subfields
LEADER 00000cam a2200000 i 4500
001 in00004553421
003 OCoLC
005 20220311162409.3
008 210914t20212021mdu b 001 0 eng
010 |a  2021034326 
040 |a DLC  |e rda  |c DLC 
020 |a 9781793648761  |q hardcover :  |q alkaline paper 
020 |a 179364876X  |q hardcover :  |q alkaline paper 
020 |z 9781793648778  |q electronic publication 
035 |a (OCoLC)1263815460 
050 0 0 |a PQ6073.E54  |b T73 2021 
082 0 0 |a 860.9/355  |2 23/eng/20211012 
245 0 0 |a Transatlantic, transcultural, and transnational dialogues on identity, culture, and migration /  |c edited by Lori Celaya and Sonja Stephenson Watson. 
264 1 |a Lanham, Maryland :  |b Lexington Books,  |c [2021]. 
264 4 |c ©2021. 
300 |a xi, 233 pages ;  |c 24 cm. 
336 |a text  |b txt  |2 rdacontent 
337 |a unmediated  |b n  |2 rdamedia 
338 |a volume  |b nc  |2 rdacarrier 
490 1 |a Black diasporic worlds : origins and evolutions from new world slaving 
504 |a Includes bibliographical references and index. 
520 |a Transatlantic, Transcultural, and Transnational Dialogues on Identity, Culture, and Migration analyzes the diasporic experiences of migratory and postcolonial subjects through the lenses of cultural studies, critical race theory, narrative theory and border studies. These narratives cover the United States, the U.S.-Mexico border, the Hispanophone Caribbean and the Iberian Peninsula and illustrate a shared diasporic experience across the Atlantic. Through a transatlantic, transcultural and transnational lens, this volume brings together essays on literature, film and music from disparate geographic areas, Spain, Cuba and Jamaica, the U.S.-Mexico border and Colombia. Throughout the volume, the contributors explore intertextual transatlantic dialogues, and migratory experiences of diasporic subjects and queer subjectivities. The chapters also examine the use of language to preserve Latinx culture, colonial and Spanish cultural exchanges, border identities and race, gender, identity and cultural production. In turn, these diasporic experiences result from transatlantic, transcultural and transnational phenomena that converge in a globalized society and aid in questioning the artificial boundaries of nation states. 
650 0 |a Emigration and immigration in literature. 
650 0 |a Spanish literature  |y 20th century  |x History and criticism. 
650 0 |a Spanish literature  |y 21st century  |x History and criticism. 
650 0 |a Spanish Americans (Latin America) in literature. 
650 0 |a Hispanic Americans in literature. 
650 0 |a Spaniards in literature. 
650 0 |a Literature and transnationalism. 
650 0 |a National characteristics in literature. 
700 1 |a Celaya, Lori,  |e editor. 
700 1 |a Watson, Sonja Stephenson,  |e editor. 
830 0 |a Black diasporic worlds. 
945 |b 190937 
947 |a A14851670902 
948 |a dmitchel 3/11/22 10.20.30 
980 |b print  |c 40030865268  |f NONFIC/B  |g 565714  |k USD  |m 81.00  |q 1  |s AcqMono Conventional  |t Approval plan  |u Vendor order reference number  |v ZYBP  |y Print approval  |z Physical resource 
999 f f |i 5175803b-2362-438b-a1d7-7da34d3e3721  |s 5768516f-f81f-4afc-88af-1fd4c6bf6dd1  |t 0 
952 f f |p normal  |a Texas A&M University  |b College Station  |c Sterling C. Evans Library  |s Evans stk  |d Evans: Library Stacks  |t 0  |e PQ6073.E54 T73 2021  |h Library of Congress classification  |i unmediated -- volume  |m A14851670902